[Event "TCh-SWE 2003-4"]
[Site "Malmo SWE"]
[Date "2003.11.11"]
[Round "3"]
[White "Hillarp Persson,T"]
[Black "Cramling,P"]
[Result "1/2-1/2"]
[WhiteElo "2512"]
[BlackElo "2470"]

1.Nf3 d5 2.g3 c5 3.Bg2 g6 4.c4 d4 5.b4 Bg7 6.d3 Nf6 7.bxc5 Nfd7 8.Ba3 Nxc5
9.Bxc5 Qa5+ 10.Nbd2 Qxc5 11.Rb1 O-O 12.O-O Qc7 13.Qb3 Nc6 14.Ne1 Bh6 15.Ne4 Rb8
16.Nc2 b6 17.Nb4 Nxb4 18.Qxb4 Bb7 19.Rb2 Rfc8 20.a4 Bxe4 21.Bxe4 e6 22.Rfb1 a5
23.Qb5 Bf8 24.Qg5 Be7 25.Qh6 Bf8 26.Qg5 Be7 27.Qh6 Bf8 28.Qg5  1/2-1/2

[Event "TCh-SWE 2003-4"]
[Site "Malmo SWE"]
[Date "2003.11.11"]
[Round "3"]
[White "Burwick,M"]
[Black "Andersson,G2"]
[Result "1/2-1/2"]
[WhiteElo "2257"]
[BlackElo "2194"]

1.Nf3 d5 2.g3 c5 3.Bg2 g6 4.O-O Bg7 5.d3 Nf6 6.c4 O-O 7.Nc3 Nc6 8.cxd5 Nxd5
9.Bd2 b6 10.Qa4 Bb7 11.Qh4 e6 12.Bg5 f6 13.Bh6 Bxh6 14.Qxh6 Nd4 15.Nxd4 cxd4
16.Ne4 Qe7 17.Rac1 Rac8 18.Rxc8 Rxc8 19.Rc1 Rc7 20.Rc4 b5 21.Rxc7 Qxc7 22.h4 Bc6
23.Qc1 Kg7 24.Nc5 Qd6 25.Ne4 Qc7 26.Bh3 Bd7 27.Qxc7 Nxc7 28.Nc5 Bc8 29.Nb3 Bb7
30.Nxd4 Bd5 31.a3 e5 32.Nc2 Bb3 33.Nb4 a5 34.Nc6 a4 35.Bd7 Be6 36.Bxe6 Nxe6
37.Kf1 Kf7 38.Ke1 Ke8 39.Na7 Nc7 40.Kd2 Kd7 41.e3 Kd6 42.d4 exd4 43.exd4 Kd5
44.Kd3 h5 45.f3 g5 46.Nc8 gxh4 47.gxh4 Ke6 48.Ke4 Nd5 49.f4 f5+ 50.Kf3 b4
51.axb4 Kd7 52.Na7 Nxb4 53.Ke3 Nd5+ 54.Kf3 Nb4 55.Nb5 Nd3 56.Ke3 Nxb2 57.d5 Nc4+
58.Kd4 a3 59.Nc3 Nd6 60.Ke5 Ne4 61.Na2 Ng3 62.Nc3 Ne4 63.Na2 Ng3 64.d6 Ne2
65.Kxf5 Kxd6 66.Kg5 Ng3 67.f5 Ke5 68.f6  1/2-1/2

[Event "ch-UKR"]
[Site "Simferopol UKR"]
[Date "2003.11.11"]
[Round "8"]
[White "Kovalev,De"]
[Black "Moroz,A"]
[Result "1-0"]
[WhiteElo "2330"]
[BlackElo "2522"]

1.Nf3 d5 2.g3 c6 3.Bg2 Bg4 4.O-O e6 5.d3 Bd6 6.c4 Nd7 7.cxd5 cxd5 8.Nc3 Ne7
9.e4 O-O 10.exd5 exd5 11.h3 Bh5 12.g4 Bg6 13.Nh4 d4 14.Nb5 Bc5 15.b4 Bxb4
16.Rb1 Bc5 17.Bf4 Nc6 18.Nxg6 hxg6 19.Bd6 Re8 20.Qc1 Bb6 21.Bxc6 bxc6 22.Qxc6 Ne5
23.Bxe5 Rxe5 24.Rfe1 Rc8 25.Qf3 Qe7 26.Rxe5 Qxe5 27.Na3 Qe8 28.Nc4 Rc6 29.Qd5 Rc5
30.Qf3 Rc6 31.Qd5 Rc5 32.Qf3 Rc6 33.Rb2 Rf6 34.Re2 Re6 35.Rxe6 Qxe6 36.Kg2 Qd7
37.Ne5 Qe6 38.Nc4 Qd7 39.a4 f6 40.a5 Bc5 41.a6 Kf8 42.Qe4 Kf7 43.Qb7 Ke6
44.Qe4+ Kf7 45.Kf1 g5 46.Qb7 Ke8 47.Nd2 Bb6 48.Ne4 Kd8 49.Qa8+ Kc7 50.Qg8 Qe7
51.Ng3 Bc5 52.Qb3 Bb4 53.Nf5 Qe1+ 54.Kg2 Kb6 55.Nxd4 Kxa6 56.Qa4+ Kb6 57.Qc6+  1-0

[Event "7th BayEM"]
[Site "Bad Wiessee GER"]
[Date "2003.11.12"]
[Round "5"]
[White "Gawehns,K"]
[Black "Luther,T"]
[Result "1/2-1/2"]
[WhiteElo "2391"]
[BlackElo "2580"]

1.Nf3 d5 2.g3 c6 3.Bg2 Bg4 4.O-O Nd7 5.d4 e6 6.Nbd2 Ngf6 7.Re1 Be7 8.e4 O-O
9.e5 Ne8 10.Nf1 f6 11.exf6 Bxf6 12.h3 Bxf3 13.Bxf3 e5 14.c4 dxc4 15.d5 e4
16.dxc6 bxc6 17.Bxe4 Ne5 18.Qc2  1/2-1/2

[Event "1st Chesspangenberg Open"]
[Site "Buenos Aires ARG"]
[Date "2003.11.13"]
[Round "9"]
[White "Flores,Di"]
[Black "Garcia,Rai"]
[Result "1-0"]
[WhiteElo "2440"]
[BlackElo "2347"]

1.g3 d5 2.Nf3 c5 3.Bg2 Nf6 4.O-O Nc6 5.d3 g6 6.Nbd2 Bg7 7.e4 O-O 8.Re1 e5
9.c3 h6 10.a3 Be6 11.b4 dxe4 12.dxe4 a6 13.Bf1 Qc7 14.Nb3 Rfd8 15.Qc2 c4
16.Nc5 Bg4 17.Nd2 b6 18.Nxa6 Rxa6 19.b5 Ra7 20.bxc6 b5 21.a4 Rda8 22.Rb1 Rxa4
23.Rxb5 Qxc6 24.Rxe5 Nd7 25.Rd5 Nb6 26.h3 Be6 27.Rd4 Ra2 28.Qd1 Qc8 29.Rd6 Qc5
30.e5 Bxe5 31.Rxb6 Bxg3 32.Qf3 Qxb6 33.Qxg3 Qb8 34.Qh4 Qd8 35.Qxh6 R8a5 36.Ne4 Rh5
37.Rd1 Qh4 38.Qf4 Qxf4 39.Bxf4 Rf5 40.Rd8+ Kg7 41.Be3 f6 42.Bd4 Rf4 43.Nxf6 Kf7
44.Nd5 Rf5 45.Ne3 Rg5+ 46.Ng4 Bxg4 47.hxg4 Rxg4+ 48.Kh2 Ke7 49.Rd5 Ra1 50.Bxc4 Rag1
51.Re5+ Kd6 52.Bd5 Rg5 53.c4 R1g4 54.c5+  1-0

[Event "ch-IND A Women"]
[Site "Calicut IND"]
[Date "2003.11.13"]
[Round "7"]
[White "Karavade,E"]
[Black "Saheli,N"]
[Result "1-0"]
[WhiteElo "2211"]
[BlackElo "2127"]

1.Nf3 d5 2.g3 Nf6 3.Bg2 Bf5 4.O-O e6 5.d3 h6 6.b3 Be7 7.Bb2 O-O 8.Nbd2 c5
9.Ne5 Nbd7 10.e4 Bh7 11.Nxd7 Qxd7 12.Qe2 Rac8 13.a4 b6 14.Rfe1 a6 15.exd5 Nxd5
16.Nc4 Rb8 17.Be5 Rb7 18.a5 bxa5 19.Rxa5 Ra7 20.Rea1 Qc8 21.Nd6 Qd7 22.Nb5 Rb7
23.Nc3 f6 24.Nxd5 exd5 25.Bc3 Ra7 26.Rxa6 Rxa6 27.Rxa6 d4 28.Bd2 Bf5 29.Qf3 Kh7
30.Qd5 Qxd5 31.Bxd5 Rd8 32.Bf3 Kg6 33.Ba5 Rd6 34.Rxd6 Bxd6 35.Bd5 Bd7 36.Kf1 f5
37.Ke2 h5 38.c3 dxc3 39.Bxc3 h4 40.Kf3 Bb5 41.Ke3 hxg3 42.hxg3 Be7 43.Be5 Kh6
44.d4 g5 45.Bc4 cxd4+ 46.Kxd4 Bc6 47.Bd5 Bb5 48.Kc3 Bc5 49.Bd4 Bd6 50.b4 Kh5
51.Bc4 Bxc4 52.Kxc4 Kg4 53.b5 f4 54.gxf4 Kxf4 55.Kd5 Bc7 56.Kc6 Bb8 57.Be3+ Kf5
58.b6 g4 59.b7 Ke4 60.Bb6 Kf3 61.Kd7 Kg2 62.Kc8 Be5 63.Bc7 Bxc7 64.Kxc7 Kxf2
65.b8=Q g3 66.Qf8+ Ke2 67.Qe7+ Kf2 68.Qf6+ Ke2 69.Qe5+  1-0

[Event "7th BayEM"]
[Site "Bad Wiessee GER"]
[Date "2003.11.14"]
[Round "7"]
[White "Tauber,Man"]
[Black "Cladouras,P"]
[Result "1/2-1/2"]
[WhiteElo "2269"]
[BlackElo "2343"]

1.Nf3 d5 2.g3 c6 3.Bg2 Bg4 4.O-O Nd7 5.d3 e5 6.h3 Bh5 7.Nbd2 Ngf6 8.e4 dxe4
9.dxe4 Bc5 10.Qe2 O-O 11.Re1 a5 12.a4 Re8 13.Nf1 Qc7 14.c3 Rad8 15.Qc2 Bxf3
16.Bxf3 h6 17.Bd2 Nf8 18.Rad1 Rd7 19.Bc1 Red8 20.Rxd7 Rxd7 21.Ne3 Ne6 22.Ng4 Ne8  1/2-1/2

[Event "7th BayEM"]
[Site "Bad Wiessee GER"]
[Date "2003.11.14"]
[Round "7"]
[White "Gasthofer,A"]
[Black "Luther,T"]
[Result "1/2-1/2"]
[WhiteElo "2427"]
[BlackElo "2580"]

1.Nf3 d5 2.g3 c6 3.Bg2 Bg4 4.d3 Nd7 5.Nbd2 e5 6.e4 Ngf6 7.O-O dxe4 8.dxe4 Bc5
9.h3 Bh5 10.Qe1 O-O 11.Nb3 Bb6 12.a4 a5 13.Be3 Bxe3 14.Qxe3 Qc7 15.Nh4 Qb6
16.Rfe1 Rfd8 17.Bf3 Bxf3 18.Nxf3 Qb4 19.Nfd2 h5 20.Kg2 h4 21.c3 Qe7 22.Nf3 hxg3
23.fxg3 Ra6 24.Re2 c5 25.Nbd2 Nh5 26.Nh4 Nf4+ 27.gxf4 Qxh4 28.f5 Rh6 29.Rh1 Qe7
30.Kh2 Nf6 31.Rg1 Rh7 32.Nf3 c4 33.Rd2 Rxd2+ 34.Nxd2 Qc7 35.Qe2 Qb6 36.Rg2 Qxb2
37.Qxc4 Rh5 38.Qc8+ Kh7 39.Qf8 Ng4+ 40.Rxg4 Qxd2+ 41.Rg2 Qf4+ 42.Kg1 Qe3+
43.Kf1 Qh6 44.Qxf7 Rxh3 45.Qg6+ Qxg6 46.Rxg6 Re3 47.Rb6 Rxe4 48.Rxb7 Rxa4
49.Ke2 Rf4 50.Rb5 Rxf5 51.Rxa5 g5 52.c4 Kg6 53.c5 Rf6 54.Kd3 Kf5 55.Ra1 g4
56.Kc4 g3 57.Kd5 g2 58.Rg1 Rg6 59.c6  1/2-1/2

[Event "ch-IND A Women"]
[Site "Calicut IND"]
[Date "2003.11.15"]
[Round "10"]
[White "Rajalakshmi,C"]
[Black "Pratibha,Y"]
[Result "1/2-1/2"]
[WhiteElo "2092"]
[BlackElo "2231"]

1.Nf3 d5 2.g3 Bg4 3.Bg2 Nd7 4.O-O c6 5.b3 e5 6.Bb2 Bd6 7.d3 Qe7 8.c4 d4 9.Qc1 h6
10.Re1 O-O-O 11.a4 Kb8 12.a5 Qe6 13.Ba3 c5 14.Qb2 Ne7 15.b4 Nc6 16.bxc5 Bxc5
17.Bxc5 Nxc5 18.Qb5 Qd6 19.a6 b6 20.Nbd2 Bd7 21.Qb2 f5 22.Nb3 Nxb3 23.Qxb3 Rc8
24.Rec1 Nd8 25.Ra5 Rc5 26.Rxc5 Qxc5 27.Rb1 Ne6 28.Nh4 Nc7 29.Ra1 g5 30.Nf3 Re8
31.Nd2 Bc6 32.Bxc6 Qxc6 33.Qb2 Ka8 34.Nb3 Ne6 35.Rc1 Nc5 36.Qa3 Rc8 37.Nxc5 Qxc5
38.Qa4 Qc6 39.Qa3 Qc5 40.Qa4 Qc6 41.Qa3 Qc7 42.Qb4 Qc5 43.Qa4 Qc6 44.Qa3 Qc5  1/2-1/2

[Event "TCh-FIN 2003-4"]
[Site "Finland FIN"]
[Date "2003.11.15"]
[Round "4"]
[White "Ristoja,J"]
[Black "Sisatto,O"]
[Result "1-0"]
[WhiteElo "2315"]
[BlackElo "2162"]

1.Nf3 d5 2.g3 c5 3.Bg2 Nf6 4.O-O Nc6 5.d3 e5 6.e4 dxe4 7.dxe4 Qxd1 8.Rxd1 Bg4
9.c3 Nxe4 10.Re1 O-O-O 11.Na3 Nf6 12.Bg5 h6 13.Bxf6 gxf6 14.Nh4 Be6 15.Bxc6 bxc6
16.c4 Bg7 17.Rad1 Rd4 18.Nc2 Rxd1 19.Rxd1 f5 20.Ne3 f4 21.Nef5 Bf6 22.b3 fxg3
23.hxg3 Kc7 24.Kf1 h5 25.Ke1 a5 26.a4 e4 27.Kd2 Bd4 28.Ne3 f5 29.Ng6 Rh6
30.Nf4 Bd7 31.Rh1 Bxe3+ 32.Kxe3 Be8 33.Ng2 Rd6 34.Nf4 Rh6 35.Ng2 Kd6 36.Rd1+ Ke7
37.Nh4 Bd7 38.Kf4 Rf6 39.Rd2 Rf8 40.Ng6+  1-0

[Event "ch-IND A Women"]
[Site "Calicut IND"]
[Date "2003.11.16"]
[Round "11"]
[White "Karavade,E"]
[Black "Rajalakshmi,C"]
[Result "1-0"]
[WhiteElo "2211"]
[BlackElo "2092"]

1.Nf3 d5 2.g3 Nf6 3.Bg2 Bg4 4.O-O c6 5.b3 Nbd7 6.Bb2 e6 7.d3 Bd6 8.Nbd2 Qc7
9.e4 dxe4 10.dxe4 Be5 11.c3 Nc5 12.Qc2 Rd8 13.Nxe5 Qxe5 14.Nc4 Qh5 15.f3 Bh3
16.Rad1 Rxd1 17.Rxd1 O-O 18.Rd2 Bxg2 19.Kxg2 Qg5 20.Bc1 Qg6 21.Ba3 b6 22.Ne5 Qg5
23.Nxc6 a5 24.Rd1 Nh5 25.Qd2 h6 26.Qxg5 hxg5 27.Bxc5 bxc5 28.Nxa5 Ra8 29.b4 Nf6
30.Rd2 g4 31.Nc6 cxb4 32.cxb4 Ra3 33.fxg4 Nxe4 34.Rb2 Kh7 35.Ne5 f6 36.Nc4 Rc3
37.Nd2 Nd6 38.Kf2 Kg6 39.b5 Nxb5 40.Rxb5 Rc2 41.Ke3 Rxa2 42.Rb3 Ra1 43.Nf3 e5
44.Rb4 Ra3+ 45.Ke4 Ra2 46.Rc4 Rb2 47.g5 Re2+ 48.Kd3 Ra2 49.gxf6 gxf6 50.g4 Ra6
51.h4 Rb6 52.Ke4 Ra6 53.Nxe5+ fxe5 54.Kxe5 Ra5+ 55.Ke4  1-0

[Event "ch-IND A Women"]
[Site "Calicut IND"]
[Date "2003.11.17"]
[Round "13"]
[White "Karavade,E"]
[Black "Sachdev,T"]
[Result "1/2-1/2"]
[WhiteElo "2211"]
[BlackElo "2218"]

1.Nf3 d5 2.g3 c6 3.Bg2 Bg4 4.c4 e6 5.O-O Nf6 6.cxd5 exd5 7.d3 Be7 8.h3 Bxf3
9.Bxf3 O-O 10.Qc2 Nbd7 11.e4 Re8 12.Nc3 dxe4 13.dxe4 Bb4 14.Bg2 Qe7 15.Re1 Rad8
16.a3 Bc5 17.Be3 Bxe3 18.Rxe3 Ne5 19.Ree1 Qc5 20.Rad1 a5 21.Kh1  1/2-1/2

[Event "TCh-SLO"]
[Site "Celje SLO"]
[Date "2003.11.17"]
[Round "1"]
[White "Dizdar,G"]
[Black "Crepan,M"]
[Result "1-0"]
[WhiteElo "2530"]
[BlackElo "2286"]

1.Nf3 d5 2.g3 Nf6 3.Bg2 c6 4.O-O Bf5 5.d3 e6 6.c4 Nbd7 7.Nc3 Be7 8.Be3 O-O
9.Qb3 Qb8 10.cxd5 exd5 11.Rac1 Re8 12.Bd4 a5 13.Rfe1 Nc5 14.Qc2 Ne6 15.e4 dxe4
16.dxe4 Bg6 17.Bh3 Bd8 18.Be3 a4 19.Nd4 Nxd4 20.Bxd4 a3 21.f3 h6 22.b4 Nh7
23.f4 f6 24.Rcd1 Nf8 25.Qf2 Bc7 26.b5 Bf7 27.bxc6 bxc6 28.Rb1 Qd8  1-0

[Event "TCh-SLO"]
[Site "Celje SLO"]
[Date "2003.11.17"]
[Round "2"]
[White "Supancic,D"]
[Black "Gruskovnjak,T"]
[Result "1/2-1/2"]
[WhiteElo "2377"]
[BlackElo "2336"]

1.Nf3 d5 2.g3 Nf6 3.Bg2 c6 4.O-O Bf5 5.d3 e6 6.c4 dxc4 7.dxc4 Na6 8.Nc3 Ne4
9.Nd4 Nac5 10.Nxf5 Nxc3 11.Qc2 Qf6 12.Nh4 N3a4 13.Rb1 a5 14.Bd2 Be7 15.b3 Nb6
16.e4 O-O 17.Nf3 e5 18.Bc3 Bd6 19.Rbd1 Qe7 20.Nh4 g6 21.Rd2 Ne6 22.Nf3 f6
23.Rfd1 Rfd8 24.Bh3 c5 25.Bxe6+ Qxe6 26.Nh4 Nc8 27.Ng2 Ne7 28.Ne3 Nc6 29.Nd5 Nd4
30.Bxd4 exd4 31.f4 Kg7 32.Kg2 Rf8 33.Re2 Rf7 34.Rde1 g5 35.e5 fxe5 36.fxe5 Be7
37.Qe4 Raf8 38.Nc7 Qh6 39.e6 Rf3 40.Nd5 d3 41.Rd2 g4 42.Qxg4+ Kh8 43.Red1 Bg5
44.e7 Rf2+ 45.Rxf2 Rxf2+ 46.Kxf2 Qxh2+ 47.Kf1 Qh1+  1/2-1/2

[Event "ch-IND A Women"]
[Site "Calicut IND"]
[Date "2003.11.18"]
[Round "15"]
[White "Sangeetha,M"]
[Black "Meenakshi,S"]
[Result "0-1"]
[WhiteElo "2140"]
[BlackElo "2288"]

1.Nf3 d5 2.g3 Nf6 3.Bg2 c5 4.O-O Bf5 5.d3 e6 6.Nbd2 Be7 7.b3 h6 8.Bb2 Nc6
9.Re1 O-O 10.a3 Rc8 11.h3 Bh7 12.e4 dxe4 13.dxe4 Qc7 14.Qe2 Rfd8 15.c4 Nd7
16.e5 Qb6 17.Rac1 a5 18.Ba1 Ndb8 19.Bf1 Na6 20.Qe3 Nd4 21.Qc3 a4 22.bxa4 Qc6
23.a5 Qa4 24.Ne4 Nb8 25.Nd6 Bxd6 26.exd6 Nbc6 27.Ne5 Nxa5 28.d7 Rc7 29.Qe3 f6
30.Ng4 Qxd7 31.Bxd4 cxd4 32.Qd2 Nb3  0-1

[Event "Open Bali A"]
[Site "Benidorm ESP"]
[Date "2003.11.21"]
[Round "1"]
[White "Vuilleumier,A"]
[Black "Vinas Guerrero,C"]
[Result "1-0"]
[WhiteElo "2216"]
[BlackElo "2098"]

1.Nf3 d5 2.g3 Nf6 3.Bg2 Nc6 4.d4 Bf5 5.O-O e6 6.b3 Be7 7.Bb2 O-O 8.Nbd2 Ne4
9.c4 a5 10.Rc1 h5 11.a3 h4 12.Re1 hxg3 13.hxg3 Ng5 14.Nxg5 Bxg5 15.e3 Ne7
16.f4 Bf6 17.g4 Bh4 18.Rf1 Bd3 19.Rf3 g5 20.Rh3 Ng6 21.Rc3 Be4 22.Nxe4 dxe4
23.f5 exf5 24.gxf5 Ne7 25.Qg4 Kh7 26.Bxe4 f6 27.Rc2 Ng8 28.Rxh4+ gxh4 29.Rh2 Qe8
30.Qxh4+  1-0

[Event "Bundesliga 2003-4"]
[Site "St Ingbert GER"]
[Date "2003.11.21"]
[Round "7"]
[White "Kengis,E"]
[Black "Meyer,Ar"]
[Result "1-0"]
[WhiteElo "2572"]
[BlackElo "2289"]

1.Nf3 d5 2.g3 Bg4 3.Bg2 Nd7 4.c4 dxc4 5.Na3 g6 6.Nxc4 Bg7 7.Qb3 Be6 8.Ng5 Bxc4
9.Qxc4 e6 10.d3 h6 11.Ne4 Ne7 12.Bf4 e5 13.Bd2 O-O 14.Rc1 Rc8 15.h4 h5 16.a4 Nf5
17.a5 Nd4 18.e3 Ne6 19.O-O Qe7 20.Bh3 Rfe8 21.Qb3 b6 22.Rc6 Nb8 23.Rxe6 fxe6
24.Ng5 Kh8 25.Qxe6 Qxe6 26.Bxe6 Rcd8 27.Bf7 Rxd3 28.Bxe8 Rxd2 29.axb6 axb6
30.Ra1 Nd7 31.Bxd7  1-0

[Event "Bundesliga 2003-4"]
[Site "Koelln GER"]
[Date "2003.11.22"]
[Round "3"]
[White "Maiwald,JU"]
[Black "Sokolov,I"]
[Result "0-1"]
[WhiteElo "2543"]
[BlackElo "2695"]

1.Nf3 d5 2.g3 c6 3.Bg2 Bg4 4.O-O Nd7 5.d3 e6 6.c4 Bd6 7.cxd5 exd5 8.Nc3 Ne7
9.h3 Bh5 10.e4 O-O 11.exd5 cxd5 12.Bg5 f6 13.Be3 Ne5 14.Nb5 N7c6 15.Rc1 Re8
16.Nxe5 Bxd1 17.Bxd5+ Kf8 18.Nf7 Qd7 19.Nbxd6 Rxe3 20.fxe3 Bh5  0-1

[Event "63rd ch-ITA"]
[Site "Arvier ITA"]
[Date "2003.11.25"]
[Round "1"]
[White "Sarno,S"]
[Black "Castaldo,F"]
[Result "1/2-1/2"]
[WhiteElo "2404"]
[BlackElo "2336"]

1.Nf3 d5 2.g3 Nf6 3.Bg2 c6 4.O-O Bg4 5.b3 Nbd7 6.Bb2 e6 7.c4 Bd6 8.d3 O-O
9.Nbd2 Qe7 10.a3 Rfe8 11.b4 e5 12.h3 Bh5 13.e4 dxe4 14.dxe4 Rad8 15.c5 Bb8
16.Qc2 Nf8 17.Nc4 Bxf3 18.Bxf3 h5 19.h4 Ne6 20.Rad1 Nd4 21.Bxd4 exd4 22.Rfe1 Be5
23.Rd3 Ng4 24.Bg2 Bc7 25.Qd2 b5 26.Nb2 Qf6 27.Rd1 Rd7 28.Bh3 Rde7 29.Bg2 Rd7
30.Bh3 Rde7 31.Bg2  1/2-1/2

[Event "63rd ch-ITA"]
[Site "Arvier ITA"]
[Date "2003.11.28"]
[Round "4"]
[White "Rossi,C"]
[Black "Mola,P"]
[Result "1-0"]
[WhiteElo "2355"]
[BlackElo "2317"]

1.Nf3 d5 2.g3 Nf6 3.Bg2 c6 4.O-O Bg4 5.b3 e6 6.Bb2 Nbd7 7.c4 Bd6 8.d3 O-O
9.Nbd2 Qe7 10.a3 a5 11.h3 Bxf3 12.Nxf3 e5 13.Nd2 Rfe8 14.e4 dxe4 15.Nxe4 Nxe4
16.Bxe4 Rad8 17.Bg2 Qg5 18.Bc3 Bc7 19.b4 Nf6 20.Qc2 h5 21.Rfe1 h4 22.g4 Re6
23.Re3 Bb6 24.c5 Ba7 25.Rae1 Rde8 26.Bd2 axb4 27.axb4 Qg6 28.Qa2 Bb8 29.f4 Nxg4
30.hxg4 Qxg4 31.f5 Qxf5 32.Kh1 Qh5 33.Bh3 Rg6 34.Rf1 Rf8 35.Be1 Kh8 36.Rf5 Rg5
37.Rxg5 Qxg5 38.Re4 Kg8 39.Bxh4 Qc1+ 40.Kg2 Bc7 41.Bg3 Rd8 42.Re1 Qg5 43.Rf1 Rf8
44.Be6 Qg6 45.Bxf7+ Rxf7 46.Qa8+  1-0

[Event "34th NCC"]
[Site "Philadelphia USA"]
[Date "2003.11.28"]
[Round "1"]
[White "Filipovich,D"]
[Black "Mucerino,J"]
[Result "1-0"]
[WhiteElo "2228"]
[BlackElo "2033"]

1.Nf3 d5 2.g3 Nf6 3.Bg2 c6 4.c4 e6 5.b3 Be7 6.Bb2 O-O 7.O-O Nbd7 8.d4 Ne4
9.Nc3 f5 10.Ne5 Nxe5 11.dxe5 Qc7 12.Qc2 Bd7 13.Rac1 Rac8 14.Nxe4 fxe4 15.f3 exf3
16.exf3 Be8 17.cxd5 exd5 18.f4 d4 19.Qc4+  1-0

[Event "TCh-SWE 2003-4"]
[Site "Malmo SWE"]
[Date "2003.11.30"]
[Round "5"]
[White "Burwick,M"]
[Black "Bator,R"]
[Result "1-0"]
[WhiteElo "2257"]
[BlackElo "2419"]

1.Nf3 d5 2.g3 c6 3.Bg2 Bg4 4.d3 Nd7 5.e4 Ne5 6.Nbd2 dxe4 7.dxe4 Nxf3+ 8.Bxf3 Bh3
9.e5 g5 10.Qe2 Bg7 11.Nc4 h6 12.Bd2 Be6 13.Bc3 h5 14.Rd1 Qc7 15.O-O g4 16.Bg2 Kf8
17.Nd2 Nh6 18.Nb3 Bxb3 19.axb3 e6 20.Rd3 Rd8 21.Bb4+ Kg8 22.Bd6 Qc8 23.f3 gxf3
24.Bxf3 h4 25.g4 Rd7 26.Rfd1 Qd8 27.Bc7 Qxc7 28.Rxd7 Qb6+ 29.Qf2 Qb5 30.Qxa7 Bf8
31.Qxb7 Qxe5 32.Qxc6 Qxb2 33.Rd8 Kg7 34.Qc4 Qe5 35.Qe4 Bc5+ 36.Kh1 Qf6 37.Rxh8 Kxh8
38.Qa8+ Kg7 39.Qe4 e5 40.Re1 Bd4 41.b4 Qb6 42.g5 Ng8 43.Rb1 Ne7 44.b5 Ng6
45.Qc6 Qa5 46.Qf6+ Kf8 47.Bd5 Qc7 48.Rf1 Nf4 49.Qh8+ Ke7 50.Rxf4 exf4 51.Qxd4 Qa5
52.Qe5+ Kf8 53.Qd6+ Kg8 54.Qg6+ Kh8 55.Qf6+  1-0

[Event "Open"]
[Site "Santo Domingo DOM"]
[Date "2003.12.03"]
[Round "8"]
[White "Socko,B"]
[Black "Socko,M"]
[Result "1/2-1/2"]
[WhiteElo "2547"]
[BlackElo "2395"]

1.g3 d5 2.Nf3 Nf6 3.Bg2 g6 4.O-O Bg7 5.c4 O-O 6.cxd5 Nxd5 7.Nc3 Nc6 8.d4 Nb6
9.d5 Na5 10.e4 c6 11.dxc6  1/2-1/2

[Event "ch-IND National A"]
[Site "Calicut IND"]
[Date "2003.12.05"]
[Round "3"]
[White "Venkatesh,M"]
[Black "Suvrajit,S"]
[Result "1/2-1/2"]
[WhiteElo "2401"]
[BlackElo "2387"]

1.Nf3 d5 2.g3 c6 3.Bg2 Nf6 4.O-O Bg4 5.d3 Nbd7 6.Nbd2 e5 7.e4 dxe4 8.dxe4 Bc5
9.h3 Bh5 10.Qe1 O-O 11.Nc4 Qc7 12.a4 Rfe8 13.Nh4 Bg6 14.Nxg6 hxg6 15.c3 Nb6
16.Qe2 Nxc4 17.Qxc4 Bb6 18.Kh2 a6 19.f4 exf4 20.Bxf4 Qe7 21.e5 Nh5 22.Rae1 Nxf4
23.Rxf4 Rad8 24.Qb3 Bc5 25.Re2 Rd7 26.e6 fxe6 27.Bf3 Qd6 28.Bg4 Rde7 29.Rfe4 Kh8
30.Re5 Rf8 31.Qc4 Rf2+ 32.Rxf2 Qxe5 33.Rf8+ Kh7 34.Bf3 Qe3 35.Qh4+ Qh6 36.Qe4 Qe3
37.h4 Qf2+ 38.Kh3 Bd6 39.Qg4 Qf1+ 40.Kh2 Qf2+ 41.Kh3 Qf1+ 42.Kh2 Bc5 43.Be4  1/2-1/2

[Event "33rd Rilton Cup"]
[Site "Stockholm SWE"]
[Date "2003.12.05"]
[Round "9"]
[White "Hansen,TR"]
[Black "Kulaots,K"]
[Result "1/2-1/2"]
[WhiteElo "2335"]
[BlackElo "2530"]

1.Nf3 d5 2.g3 Nf6 3.Bg2 e6 4.O-O c5 5.c4 dxc4 6.Qa4+ Bd7 7.Qxc4 Bc6 8.d4 Nbd7
9.Nc3 b5 10.Qd3 b4 11.Nb1 Rc8 12.Nbd2 cxd4 13.Nxd4 Bxg2 14.Kxg2 Be7 15.Qa6 Qc7
16.N2b3  1/2-1/2

[Event "TCh-CZE Extraliga 2003-4"]
[Site "Czech Rep CZE"]
[Date "2003.12.06"]
[Round "3"]
[White "Michalek,J"]
[Black "Olsar,J"]
[Result "1-0"]
[WhiteElo "2396"]
[BlackElo "2312"]

1.Nf3 d5 2.g3 c6 3.Bg2 Nf6 4.d3 Bf5 5.O-O e6 6.b3 Be7 7.Bb2 O-O 8.Nbd2 h6
9.c4 Nbd7 10.Rc1 a5 11.a3 Re8 12.Rc2 Qb6 13.Qa1 Bf8 14.Bc3 Bh7 15.Ra2 Qa6
16.Rc1 Rec8 17.Rac2 Re8 18.Qb2 Rec8 19.Ne5 Nxe5 20.Bxe5 Nd7 21.Bd4 Re8 22.cxd5 exd5
23.Bh3 Rad8 24.Nf3 Qb5 25.Be3 Be7 26.Bd4 Bf6 27.Bxd7 Rxd7 28.Bxf6 gxf6 29.b4 axb4
30.axb4 Kg7 31.Nd4 Qb6 32.b5 cxb5 33.Rc5 Ra8 34.Rxb5 Qa6 35.Rb1 Qd6 36.Rxb7 Ra4
37.Rb4 Rxb4 38.Qxb4 Qe5 39.Kg2 Bf5 40.f4  1-0

[Event "It Resort and Casino"]
[Site "Decameron DOM"]
[Date "2003.12.06"]
[Round "1"]
[White "Dominiguez,JM"]
[Black "Lugo,B"]
[Result "0-1"]
[WhiteElo "2313"]
[BlackElo "2418"]

1.Nf3 d5 2.g3 c6 3.Bg2 Bg4 4.d3 Nd7 5.Nbd2 e6 6.O-O Bd6 7.Re1 Ne7 8.Rb1 a5
9.e4 O-O 10.h3 Bh5 11.g4 Bg6 12.Nh4 Qc7 13.Nf1 Rad8 14.Qe2 Rfe8 15.Kh1 f6
16.Qe3 Bf7 17.f4 dxe4 18.dxe4 e5 19.f5 Bc5 20.Qf3 Bxa2 21.Ra1 Bf7 22.g5 Qb6
23.Ng3 Kf8 24.Rf1 fxg5 25.Bxg5 Nf6 26.Bxf6 gxf6 27.Nh5 Ng8 28.Ng6+ hxg6 29.fxg6 Bxg6
30.Nxf6 Ke7 31.Qg3 Nxf6 32.Qxe5+ Kd7 33.Qxf6 Re6 34.Rad1+ Bd6 35.Qg5 Qb5
36.Rf5 Bxf5 37.exf5 Re7  0-1

[Event "TCh-CZE Extraliga 2003-4"]
[Site "Czech Rep CZE"]
[Date "2003.12.07"]
[Round "4"]
[White "Vesselovsky,S"]
[Black "Bazant,P sr"]
[Result "1/2-1/2"]
[WhiteElo "2409"]
[BlackElo "2339"]

1.Nf3 d5 2.g3 Nf6 3.Bg2 c6 4.b3 g6 5.Bb2 Bg7 6.O-O O-O 7.c4 Bf5 8.d3 Qc8
9.Nc3 dxc4 10.bxc4 Bh3 11.Qc2 Bxg2 12.Kxg2 c5 13.Nd5 Nxd5 14.cxd5 Nd7 15.Bxg7 Kxg7
16.Rac1 Kg8 17.d4 b6 18.e4 Qb7 19.dxc5 Nxc5 20.Rfd1 Rac8 21.Qe2 e6 22.dxe6  1/2-1/2

[Event "ch-IND National A"]
[Site "Calicut IND"]
[Date "2003.12.08"]
[Round "7"]
[White "Srinivasa Rao,M"]
[Black "Sriram,J"]
[Result "0-1"]
[WhiteElo "2329"]
[BlackElo "2458"]

1.Nf3 d5 2.g3 c6 3.Bg2 Bg4 4.O-O Nd7 5.d3 Ngf6 6.Nbd2 e5 7.e4 dxe4 8.dxe4 Bc5
9.h3 Bh5 10.Qe2 O-O 11.Kh1 Qc7 12.g4 Bg6 13.Nh4 Rfe8 14.Nb3 Bf8 15.Nf5 Nc5
16.Nxc5 Bxc5 17.h4 h5 18.g5 Nd7 19.Ng3 Nf8 20.Nxh5 Bxh5 21.Qxh5 g6 22.Qg4 Ne6
23.h5 Rad8 24.f4 gxh5 25.Qxh5 exf4 26.Bh3 Qe5 27.Bf5 Kf8 28.g6 fxg6 29.Qxg6 Ke7
30.Bxf4 Rh8+ 31.Kg2 Nxf4+ 32.Rxf4 Rdg8  0-1

[Event "21st Cairnhill Open"]
[Site "Singapore SIN"]
[Date "2003.12.08"]
[Round "3"]
[White "Ramos,Do"]
[Black "Chan Weng Chee"]
[Result "1/2-1/2"]
[WhiteElo "2331"]
[BlackElo "2114"]

1.Nf3 d5 2.g3 c6 3.Bg2 Nf6 4.O-O Bg4 5.Ne5 Bh5 6.b3 Nbd7 7.Bb2 Nxe5 8.Bxe5 Nd7
9.Bb2 e5 10.d3 Bd6 11.c4 dxc4 12.dxc4 Qe7 13.Nc3 Nf6 14.Ne4 Nxe4 15.Bxe4 O-O
16.Qd3 Bg6 17.Rad1 Rad8 18.Bxg6 hxg6 19.Qc3 Rfe8 20.e3  1/2-1/2

[Event "2nd Subasic Mem"]
[Site "Zenica BIH"]
[Date "2003.12.08"]
[Round "4"]
[White "Dumpor,A"]
[Black "Trkulja,G"]
[Result "1-0"]
[WhiteElo "2364"]
[BlackElo "2293"]

1.Nf3 d5 2.g3 Nf6 3.Bg2 c6 4.b3 Bf5 5.Bb2 e6 6.O-O Be7 7.c4 O-O 8.d3 Nbd7
9.Nbd2 Qb6 10.h3 Bd6 11.cxd5 exd5 12.e4 Bg6 13.e5 Bxd3 14.exd6 Bxf1 15.Nxf1 Ne4
16.Nd4 Nxd6 17.Ne3 Qd8 18.Ndf5 Nxf5 19.Nxf5 f6 20.Ba3 Re8 21.Nd6 Re5 22.Nxb7 Qb6
23.Nd6 Rd8 24.Bb2 g6 25.Qg4 f5 26.Qh4 Qc7 27.Rc1 Re2 28.Bxd5+  1-0

[Event "ch-IND National A"]
[Site "Calicut IND"]
[Date "2003.12.10"]
[Round "11"]
[White "Venkatesh,M"]
[Black "Sandipan,C"]
[Result "0-1"]
[WhiteElo "2401"]
[BlackElo "2504"]

1.Nf3 d5 2.g3 g6 3.Bg2 Bg7 4.d3 e5 5.Nbd2 Ne7 6.e4 O-O 7.O-O Nbc6 8.h3 h6
9.Kh2 dxe4 10.dxe4 Be6 11.Qe2 Qd6 12.Nb3 Rad8 13.Be3 Nd4 14.Nfxd4 exd4 15.Rfd1 c5
16.f4 Qb6 17.Bd2 Nc6 18.f5 gxf5 19.Qh5 fxe4 20.Bxh6 Rd5 21.Qh4 Qd8 22.Qxd8 Rfxd8
23.Bxg7 Kxg7 24.Bxe4 Re5 25.Bxc6 bxc6 26.Rd2 Re8 27.Rad1 Bc4 28.Nc1 Bd5 29.a3 Re1
30.g4 c4 31.Rxd4 R1e3 32.R1d2 Rh8 33.Ne2 Rhxh3+ 34.Kg1 Rh1+ 35.Kf2 Rf3+ 36.Kg2 Rfh3+
37.Kf2 R1h2+ 38.Ke1 Rg2 39.Rf4 Bf3 40.Rxf3 Rxf3 41.Nd4 Re3+ 42.Re2 Rexe2+
43.Nxe2 Rxg4 44.Kd2 Kf6 45.Kc3 Ke5 46.Kb4 Rg2  0-1

[Event "ch-IND National A"]
[Site "Calicut IND"]
[Date "2003.12.10"]
[Round "11"]
[White "Srinivasa Rao,M"]
[Black "Barua,D"]
[Result "0-1"]
[WhiteElo "2329"]
[BlackElo "2528"]

1.Nf3 d5 2.g3 c6 3.Bg2 Bf5 4.O-O Nf6 5.d3 h6 6.Nbd2 Nbd7 7.b3 e6 8.Bb2 Bc5
9.Qe1 O-O 10.e4 Bh7 11.Ne5 Nxe5 12.Bxe5 a5 13.a3 Qe7 14.Bb2 Rfd8 15.h3 dxe4
16.Nxe4 Bxe4 17.Bxe4 Bd4 18.Bxd4 Rxd4 19.Qc3 c5 20.Rfe1 g6 21.Bg2 Ra7 22.b4 b6
23.bxc5 Qxc5 24.Qb2 Rc7 25.Reb1 Nd7 26.Bf1 h5 27.c4 h4 28.Kh2 Qd6 29.Ra2 Rc5
30.Qe2 Re5 31.Qd2 Rf5 32.Qe3 Ne5 33.Bg2 Nxd3 34.Rd2 Rxf2  0-1

[Event "FSIM December"]
[Site "Budapest HUN"]
[Date "2003.12.12"]
[Round "7"]
[White "Sergeev,Vl"]
[Black "Varga,Cs2"]
[Result "1-0"]
[WhiteElo "2447"]
[BlackElo "2303"]

1.Nf3 d5 2.g3 c5 3.c4 d4 4.b4 cxb4 5.a3 bxa3 6.Bg2 g6 7.Bxa3 Bg7 8.d3 Nh6
9.Nbd2 O-O 10.Nb3 Re8 11.O-O e5 12.Nfd2 Qc7 13.Nc5 Nd7 14.Qa4 Rd8 15.Nce4 Nf5
16.Rfb1 Nf6 17.Nc5 Nd6 18.Na6 Qd7 19.Qxd7 Rxd7 20.c5 Nb5 21.Rxb5 bxa6 22.Rb2 Nd5
23.c6 Rd8 24.c7 Nxc7 25.Bxa8 Nxa8 26.Rb8 Nb6 27.Rc1 Bh6 28.Rc2 Bxd2 29.Rxd2 Kg7
30.Rc2 e4 31.dxe4 d3 32.exd3 Rxd3 33.Bb2+ Kh6 34.Rbxc8 Nxc8 35.Rxc8  1-0